000 00428nam a2200193Ia 4500
008 210210b1964 xxu||||| |||| 00| 0 eng d
041 _aeng
082 _a520/6
100 _aBAKER (Robert H)
245 _aAstronomy Ed 8
250 _a
260 _aLondon
_bD Van Nostrand company, Inc.
_c1964
300 _aviii,557
650 _aEd
650 _aAstronomy
650 _a8
690 _aAstronomy
906 _a007991
999 _c125848
_d125848